| 000 | 00818nam a22002177a 4500 | ||
|---|---|---|---|
| 999 |
_c16272 _d16272 |
||
| 003 | AR-CdUCM | ||
| 008 | 190502b ||||| |||| 00| 0 spa d | ||
| 040 |
_aMUNICIPALIDAD PROVINCIAL DEL CUSCO _cBIBLIOTECA MUNICIPAL DEL CUSCO |
||
| 082 |
_a808 / _bT18 |
||
| 100 |
_aTarsis, Valery _912247 |
||
| 245 | _aEl moscardon & rojo y negro / | ||
| 260 |
_aBuenos Aires : _bEditorial Americana, _c1966 |
||
| 300 |
_a187 paginas ; _bIlustraciones, graficos, dibujos, _c21 cm |
||
| 500 | _aHistoria y literatura | ||
| 505 | _aContenido: Enfrentamiento letal -- crimen y castigo -- simplicidad peor que el crimen -- la defensa de un amigo -- apostolov -- la ultima mosca... | ||
| 650 |
_aHistoria _9136 |
||
| 650 |
_aLiteratura _983 |
||
| 700 |
_aRey Tosar, Manuel _935622 |
||
| 942 |
_2ddc _cLIBROS |
||
| 945 |
_apjha _d2019-05-02 |
||